| 000 | 00834nam a2200313 a 4500 | ||
|---|---|---|---|
| 003 | AR-BaBNM | ||
| 005 | 20251128210512.0 | ||
| 008 | 082120s2002 ||||||||||||||000 | spa|| | ||
| 020 | _a84-8063-104-X | ||
| 040 | _cAR-BaBNM | ||
| 100 | 1 | _aAlvarez-Nóvoa, Carlos | |
| 245 | 0 | 0 |
_aDramatización _bel teatro en el aula |
| 250 | _a1ª ed. | ||
| 260 |
_aBarcelona _bEdiciones Octaedro _c1995 |
||
| 300 |
_a197 p. _btablas |
||
| 504 | _aContiene bibliografía comentada | ||
| 650 | 4 | _aTEATRO ESCOLAR | |
| 650 | 4 | _aDRAMATIZACION | |
| 650 | 4 | _aENSEÑANZA DE ARTE DRAMATICO | |
| 650 | 4 | _aPSICOMOTRICIDAD | |
| 650 | 4 | _aEXPRESION ORAL | |
| 650 | 4 | _aJUEGO | |
| 650 | 4 | _aTECNICAS DIDACTICAS | |
| 653 | _aEXPRESION CORPORAL | ||
| 653 | _aMETODOS EDUCATIVOS | ||
| 653 | _aPROYECTOS DE AULA | ||
| 942 | _cBK | ||
| 998 | _cRaquel | ||
| 999 |
_c15708 _d15708 |
||